| 000 | 00506nam a2200157Ia 4500 | ||
|---|---|---|---|
| 008 | 210716s2003 xx 000 0 und d | ||
| 020 | _a8120314700 | ||
| 041 | _aeng | ||
| 082 | _a005.3682 SHAM | ||
| 100 | _aShaw, Mary;Garlan, David. | ||
| 245 |
_aSoftware architecture: perspectives on an emerging discipline. _bPerspectives on an emerging discipline. |
||
| 250 | _a1 | ||
| 260 |
_aNew Delhi _bPrentice Hall of India PVt Ltd _c2003 |
||
| 300 | _axxi,242 | ||
| 650 | _aComputer Architecture/Organization | ||
| 999 |
_c186362 _d186362 |
||